Menjadi Jutawan WORDPRESS / (Record no. 171175)

MARC details
000 -LEADER
fixed length control field 01685aam a2200529 i 4500
001 - CONTROL NUMBER
control field vtls000776756
003 - CONTROL NUMBER IDENTIFIER
control field PNM
005 - DATE AND TIME OF LATEST TRANSACTION
control field 20190217164119.0
008 - FIXED-LENGTH DATA ELEMENTS--GENERAL INFORMATION
fixed length control field 150708s2015 my a e 000 0 may
015 ## - NATIONAL BIBLIOGRAPHY NUMBER
National bibliography number M15-07763
020 ## - INTERNATIONAL STANDARD BOOK NUMBER
International Standard Book Number 9789674443917
Qualifying information paperback
Terms of availability RM24.50
039 #9 - LEVEL OF BIBLIOGRAPHIC CONTROL AND CODING DETAIL [OBSOLETE]
Level of rules in bibliographic description 201602171037
Level of effort used to assign nonsubject heading access points hasnan
Level of effort used to assign subject headings 201512070959
Level of effort used to assign classification habirah
Level of effort used to assign subject headings 201512070959
Level of effort used to assign classification habirah
Level of effort used to assign subject headings 201508101056
Level of effort used to assign classification rosliza
040 ## - CATALOGING SOURCE
Original cataloging agency BNM
Language of cataloging eng
Transcribing agency BNM
Modifying agency PNM
-- PPAK
Description conventions rda
041 1# - LANGUAGE CODE
Language code of text/sound track or separate title may
Language code of original ind
049 ## - LOCAL HOLDINGS (OCLC)
Holding library klpmal
082 04 - DEWEY DECIMAL CLASSIFICATION NUMBER
Classification number 006.752
Edition number 23
090 00 - LOCALLY ASSIGNED LC-TYPE CALL NUMBER (OCLC); LOCAL CALL NUMBER (RLIN)
Classification number (OCLC) (R) ; Classification number, CALL (RLIN) (NR) 006.752
Feature heading HEL
Feature heading G
100 1# - MAIN ENTRY--PERSONAL NAME
Personal name Helianthusonfri, Jefferly,
Relator term author.
245 10 - TITLE STATEMENT
Title Menjadi Jutawan WORDPRESS /
Number of part/section of a work 2
Statement of responsibility, etc. Penulis : Jefferly Helianthusonfri ; [Penterjemah] : Fazlur Rahman ; Editor : Dr. Hassan Noor, Raiyana Salha Rahmat
250 ## - EDITION STATEMENT
Edition statement Edisi Bahasa Malaysia
264 #1 - PRODUCTION, PUBLICATION, DISTRIBUTION, MANUFACTURE, AND COPYRIGHT NOTICE
Place of production, publication, distribution, manufacture Kuala Lumpur :
Name of producer, publisher, distributor, manufacturer SAM Synergy Media Sdn Bhd,
Date of production, publication, distribution, manufacture, or copyright notice [2015]
300 ## - PHYSICAL DESCRIPTION
Extent 184 pages :
Other physical details illustrations ;
Dimensions 23 cm.
336 ## - CONTENT TYPE
Content type term text
Source rdacontent
337 ## - MEDIA TYPE
Media type term unmediated
Source rdamedia
338 ## - CARRIER TYPE
Carrier type term volume
Source rdacarrier
490 1# - SERIES STATEMENT
Series statement SIRI JUTAWAN
Volume/sequential designation 2
630 00 - SUBJECT ADDED ENTRY--UNIFORM TITLE
Uniform title WordPress (Electronic resource)
650 10 - SUBJECT ADDED ENTRY--TOPICAL TERM
Topical term or geographic name entry element Blogs
General subdivision Design
Topical term or geographic name entry element Internet marketing
700 0# - ADDED ENTRY--PERSONAL NAME
Personal name Fazlur Rahman,
Relator term translator.
Personal name Hassan Noor,
Titles and other words associated with a name Dr.,
Relator term editor.
Personal name Raiyana Salha Rahmat,
Relator term editor.
830 #0 - SERIES ADDED ENTRY--UNIFORM TITLE
Uniform title Siri jutawan
Number of part/section of a work 2
942 ## - ADDED ENTRY ELEMENTS (KOHA)
Source of classification or shelving scheme Dewey Decimal Classification
Koha item type Book
949 ## - LOCAL PROCESSING INFORMATION (OCLC)
6 1001271986
6 1001271987
6 1001271988
6 1001271989
6 1001271990
6 1001271991
6 1001271992
6 1001271993
6 1001271994
6 1001271995
6 2000077509
a 006.752 HEL M
6 2000077508
a 006.752 HEL M
Holdings
Withdrawn Not for loan Current library Shelving location Date acquired Total Checkouts Total Renewals Full call number Barcode Date last seen Date last checked out Koha item type
    Perpustakaan Alor Setar Pinjaman Dewasa 21/02/2019 2 1 006.752 HEL A01592998 08/12/2022 23/11/2022 Book
    Perpustakaan Alor Setar Pinjaman Dewasa 21/02/2019 2   006.752 HEL A01592999 24/09/2025 23/09/2025 Book
    Perpustakaan Awam Sungai Petani Pinjaman Dewasa 21/02/2019     006.752 HEL A01593000 21/02/2019   Book
    Perpustakaan Bandar Baharu Pinjaman Dewasa 21/02/2019 1   006.752 HEL A01593005 10/09/2020 03/09/2020 Book
    Perpustakaan Jitra Pinjaman Dewasa 21/02/2019     006.752 HEL A01593001 21/02/2019   Book
    Perpustakaan Kuala Nerang Pinjaman Dewasa 21/02/2019     006.752 HEL A01593009 21/02/2019   Book
    Perpustakaan Kulim Pinjaman Dewasa 21/02/2019 6 4 006.752 HEL A01593003 25/11/2020 11/10/2020 Book
    Perpustakaan Langkawi Pinjaman Dewasa 21/02/2019     006.752 HEL A01593002 21/02/2019   Book
    Perpustakaan Merbok Pinjaman Dewasa 21/02/2019     006.752 HEL A01593006 21/02/2019   Book
    Perpustakaan Pendang Pinjaman Dewasa 21/02/2019     006.752 HEL A01593010 21/02/2019   Book
    Perpustakaan Sik Pinjaman Dewasa 21/02/2019 2 3 006.752 HEL A01593008 21/12/2022 20/10/2022 Book
    Perpustakaan Yan Pinjaman Dewasa 21/02/2019     006.752 HEL A01593007 21/02/2019   Book
    Bergerak 3, Baling Pinjaman Dewasa 21/02/2019     006.752 HEL A01593012 21/02/2019   Book
    Bergerak 4, Sungai Petani Pinjaman Dewasa 21/02/2019     006.752 HEL A01593013 21/02/2019   Book
    Bergerak 5, Kulim Pinjaman Dewasa 21/02/2019     006.752 HEL A01593014 21/02/2019   Book